Catalog
SPO
lečný
K
atalog
Catalog Home
(current)
Union Catalog
Knihovny.cz
My Account
Basic Search
Browse the Catalog
Advanced Search
0
Records In Basket
View Basket
Place Holds
Print Title Details
Email Title Details
Add Basket to Saved List
Clear Basket
Record Details
Catalog Search
Search:
Type:
Keyword
Title
Journal Title
Author
Subject
Series
Format:
All Formats
All Books
All Music
All Videos
Audiocassette music recording
Blu-ray
Braille
Cassette audiobook
CD Audiobook
CD Music recording
DVD
E-audio
E-book
E-video
Equipment, games, toys
Kit
Large Print Book
Map
Microform
Music Score
Phonograph music recording
Phonograph spoken recording
Picture
Preloaded Audio
Serials and magazines
Software and video games
VHS
Library:
Common Catalog SPOK
Dominican sisters
KDS Library
Evangelical Teological Seminary
ETS Library
Jabok
Department of Languages
Jabok Library
BOX2
Depozitář
JABox (rezervační box)
Jachymka
Terezin Initiative Institute
The Jewish community of Prague
Montessori CR
Montessori Library
People in Need
Varianty
The mission of THREE
Hospic Dobrého Pastýře
VERITAS
VERITAS Library
Search
All Libraries
Book
Děti z planety D.S. / Olga Strusková
Strusková, Olga,
1950
-
(
Author
).
More Details
Record details
ISBN:
80-86103-31-5
Physical Description:
165 s. : il. ; 20 cm
Edition:
1. vyd.
Publisher:
Praha :
G plus G,
2000
Content descriptions
Bibliography, etc. Note:
Obsahuje bibliografii
Search for related items by subject
Subject:
nemoci u dětí
Downův syndrom
Down syndrome
>
Biography
Genre:
příběhy
Search for related items by series
Zde a nyní
Zde a nyní
Available copies
0 of 1 copy available at Common Catalog SPOK.
Holds
0 current holds with 1 total copy.
Place Hold
Add to basket
Remove from basket
Print
Email
Permalink
Show All Copies
Location
Call Number / Copy Notes
Barcode
Shelving Location
Status
Due Date
►
▼
Google Preview
► Awards, Reviews, & Suggested Reads
► Additional Content
► Shelf Browser
▼ MARC Record
LDR
01056nam a2200361 a 4500
001
2057
003
CZ-PrJAB
005
20160126080318.0
007
tu
008
000523s2000 xr a e 000 j cze
015
.
‡a
cnb000965014
020
.
‡a
80-86103-31-5
‡q
(brož.)
035
.
‡a
(CZ PrNK)cpk20000965014
035
.
‡a
(OCoLC)46964347
040
.
‡a
ABA001
‡b
cze
072
7
.
‡a
616-053.2
‡x
Pediatrie
‡2
Konspekt
‡9
14
080
.
‡a
616.1/.9-053.2
‡2
MRF
080
.
‡a
616.899-056.7
‡2
MRF
080
.
‡a
82-32
‡2
MRF
100
1
.
‡a
Strusková, Olga,
‡d
1950-
‡7
jn20000402303
‡4
aut
245
1
0
.
‡a
Děti z planety D.S. /
‡c
Olga Strusková
250
.
‡a
1. vyd.
260
.
‡a
Praha :
‡b
G plus G,
‡c
2000
300
.
‡a
165 s. :
‡b
il. ;
‡c
20 cm
490
1
.
‡a
Zde a nyní
504
.
‡a
Obsahuje bibliografii
650
0
7
.
‡a
nemoci u dětí
‡7
ph134932
‡2
czenas
650
0
7
.
‡a
Downův syndrom
‡7
ph134764
‡2
czenas
650
0
9
.
‡a
Down syndrome
‡x
Biography
‡2
eczenas
655
7
.
‡a
příběhy
‡7
fd133204
‡2
czenas
830
0
.
‡a
Zde a nyní
910
.
‡a
ABG312
901
.
‡a
2057
‡b
Unknown
‡c
2057
‡t
biblio
Login To Evergreen
Library Card Number
PIN
Request A Card
Forgot Your Password?
Additional Resources